Pengenalan penilaian hartanah

Bibliographic Details
Main Author: Fadilah Mohd Taufek
Other Authors: Kamisah Haji Sirat
Format: Book
Published: Petaling Jaya : Fajar Bakti , 1987
Series:Siri Sains dan Teknikal Fajar Bakti
Subjects:

MARC

LEADER 00000cam a2200000 7i4500
001 0000002794
002 000003025
005 20000330.0
020 |a 9679337219 
090 0 0 |a 333.3   |b FAD 
100 0 |a Fadilah Mohd Taufek 
245 1 0 |a Pengenalan penilaian hartanah   |c Fadilah Mohd Taufek dan Kamisah Haji Sirat 
260 |a Petaling Jaya :   |b Fajar Bakti ,   |c 1987 
300 |a 106p. ;   |c 22cm. 
490 0 |a Siri Sains dan Teknikal Fajar Bakti 
650 0 0 |a Property   |z Malaysia 
650 0 0 |a Real estates 
700 1 |a Kamisah Haji Sirat 
999 |a 036397   |b BUKU   |c PINJAMAN   |e PERPUSTAKAAN KOMUNITI PETALING JAYA